[Event "Montigny le Bretonneux op 17th"]
[Site "Montigny le Bretonneux"]
[Date "2013.05.18"]
[Round "4"]
[White "Mutzel, Joseph"]
[Black "Stonner, Martin"]
[Result "0-1"]
[WhiteElo "1320"]
[BlackElo "1440"]
[PlyCount "100"]
[EventDate "2013.05.18"]
[EventType "swiss"]
[EventRounds "9"]
[EventCountry "FRA"]
[SourceTitle "EXT 2014"]
[Source "ChessBase"]
[SourceDate "2013.11.20"]
[SourceVersion "1"]
[SourceVersionDate "2013.11.20"]
[SourceQuality "1"]

1. e4 e5 2. Nf3 Nc6 3. Bc4 Bc5 4. d3 Nf6 5. 0-0 0-0 6. Bg5 h6 7. Bh4 d6 8. c3 Na5 9. Nbd2 g5 10. Bg3 Nxc4 11. Nxc4 Nh5 12. Nfd2 Nxg3 13. hxg3 f5 14. b4 Bb6 15. Qb3 Be6 16. Qa4 Qf6 17. Qd1 fxe4 18. Nxe4 Qf7 19. Nxb6 axb6 20. g4 Bxa2 21. Qd2 Be6 22. Rxa8 Rxa8 23. f3 Ra2 24. Qc1 d5 25. Nxg5 hxg5 26. Qxg5+ Qg7 27. Qd8+ Kh7 28. Qh4+ Kg6 29. Qh5+ Kf6 30. f4 e4 31. Qe5+ Kf7 32. Qxc7+ Kg8 33. Qxb6 Bxg4 34. dxe4 dxe4 35. Qc5 Bf3 36. Qc4+ Qf7 37. Qxf7+ Kxf7 38. gxf3 e3 39. Re1 e2 40. Kf2 Rc2 41. Rxe2 Rxc3 42. Re4 Kf6 43. Kg3 Kf5 44. Re8 Rc4 45. Rf8+ Kg6 46. f5+ Kg5 47. b5 Rb4 48. Rh8 Rxb5 49. f4+ Kf6 50. Rf8+ Ke7 0-1